Famous Spanish People by image - Statistics

General Stats
  • This quiz has been taken 83 times
    52 since last reset
  • The average score is 6 of 8
Answer Stats
Picture Hint Answer % Correct
Dictator Francisco Franco
91%
Tennis Player Rafael Nadal
87%
Current King King Felipe VI
69%
Artist Pablo Picasso
69%
Goalkeeper David de Gea
67%
Conquistador in Mexico Hernán Cortés
64%
Conquistador in Peru Francisco Pizarro
62%
National Hero El Cid
47%
No matching quizzes found
Score Distribution
Percent of People with Each Score
Percentile by Number Answered
Your Score History
You have not taken this quiz since the last reset